Documentos del seminario

La autora habla sobre la cuestión del sujeto en el mundo contemporáneo, la doble determinación (psico - social) y el devenir del sujeto autónomo el (la) sujeto: la cuestión de la subjetividad femenina la refundación del lenguaje y el advenimiento de subjetividades femeninas singulares, libres y flui...

Full beskrivning

Sparad:
Bibliografiska uppgifter
Huvudupphovsman: García O., María José
Materialtyp: Text
Publicerad: San José: s.n.
Ämnen:
Taggar: Lägg till en tagg
Inga taggar, Lägg till första taggen!

MARC

LEADER 00000 a a2200000 04500
001 37639
003
040
090 |a 1003 S471s  
100 |a García O., María José  
245 |a Documentos del seminario  
260 |a San José:   |b s.n.  
520 |a La autora habla sobre la cuestión del sujeto en el mundo contemporáneo, la doble determinación (psico - social) y el devenir del sujeto autónomo el (la) sujeto: la cuestión de la subjetividad femenina la refundación del lenguaje y el advenimiento de subjetividades femeninas singulares, libres y fluidas, del silencio (no) perfecto a la sujeto(a) que habla  
650 |a MUJERES  
650 |a PSICOLOGIA  
999 |c 16246  |d 16246